| 000 | 00693na a2200265 4500 | ||
|---|---|---|---|
| 001 | 14334 | ||
| 003 | MIRAKIL | ||
| 005 | 20181213154814.0 | ||
| 008 | 161031b tu 000 0 | ||
| 020 | _a9756223855 | ||
| 035 | _a14334 | ||
| 040 |
_aMilas _btur _cTR-AnCHP |
||
| 041 | _atur | ||
| 082 |
_a297.09 _bZ26b 2006 |
||
| 090 | _a297.09 Z26b 2006 | ||
| 100 | _aZapsu, Abdurrahim | ||
| 245 |
_aBüyük islam tarihi _bHz. Muhammed (s.a.) dönemi _cAbdurrahim Zapsu |
||
| 246 | _aİslam tarihi | ||
| 246 | _aHz. Muhammed (s.a.) dönemi | ||
| 260 |
_aİstanbul _bRisale _c2006 |
||
| 300 |
_a453 s. _c23 sm. |
||
| 600 | _aHz. Muhammed | ||
| 650 |
_aİslam _xTarih |
||
| 942 |
_2ddc _cBKS |
||
| 999 |
_c1188 _d1188 |
||